Catalog

Record Details

Catalog Search



Curious George goes to school Cover Image Cassette audiobook Cassette audiobook

Curious George goes to school [sound recording] / [edited] by Margret Rey and Alan J. Shalleck.

Rey, Margret. (Added Author). Shalleck, Alan J. (Added Author).

Summary:

Curious George makes a mistake in the art room of his school but finds a missing painting in time for an open house for parents of the students.

Record details

  • ISBN: 0395564832
  • Physical Description: 1 sound cassette : analog + 1 paperback.
  • Publisher: Boston : Houghton Mifflin, p1990.

Content descriptions

General Note:
Read-along book published 1989.
"Adapted from the Curious George film series."
Target Audience Note:
General.
Subject: Monkeys > Fiction.
Painting > Fiction.
Schools > Fiction.
Children's audiobooks.

Available copies

  • 1 of 1 copy available at scottsboropl.

Holds

  • 0 current holds with 1 total copy.
Show Only Available Copies
Location Call Number / Copy Notes Barcode Shelving Location Status Due Date
scottsboropl E Rey 32269000728314 Juvenile - Easy Available -

LDR 01242cim a2200325 a 4500
001127797
003CONS
00520140703073304.0
007ss|lunjlcmpnnu
008901014s1990 maunnn j d f eng d
020 . ‡a0395564832
035 . ‡a(CPomAG)LMN496414
0500 . ‡aPZ7 ‡b.C92167 1989
24500. ‡aCurious George goes to school ‡h[sound recording] / ‡c[edited] by Margret Rey and Alan J. Shalleck.
260 . ‡aBoston : ‡bHoughton Mifflin, ‡cp1990.
300 . ‡a1 sound cassette : ‡banalog + ‡e1 paperback.
440 0. ‡aBook & cassette favorites
500 . ‡aRead-along book published 1989.
500 . ‡a"Adapted from the Curious George film series."
520 . ‡aCurious George makes a mistake in the art room of his school but finds a missing painting in time for an open house for parents of the students.
521 . ‡aGeneral.
650 1. ‡aMonkeys ‡vFiction.
650 1. ‡aPainting ‡vFiction.
650 1. ‡aSchools ‡vFiction.
650 0. ‡aChildren's audiobooks.
7001 . ‡aRey, Margret.
7001 . ‡aShalleck, Alan J.
7300 . ‡aCurious George goes to school (Motion picture)
959 . ‡i32269000728314 ‡lE Rey ‡aJuvenile - Easy ‡tEasy ‡g10.00
852 . ‡p32269000728314 ‡jE Rey ‡gJuvenile - Easy ‡cEasy ‡y10.00 ‡bSBPL
901 . ‡a127797 ‡bUnknown ‡c127797 ‡tbiblio

Additional Resources